Online Public Access Catalogue

Management of Common Problems in Renal Disease (Record no. 1418)

MARC details
000 -LEADER
fixed length control field 00462nam a2200157Ia 4500
020 ## - INTERNATIONAL STANDARD BOOK NUMBER
International Standard Book Number 0023965207
082 ## - DEWEY DECIMAL CLASSIFICATION NUMBER
Classification number 616.614
Author Mark MAN
100 ## - MAIN ENTRY--PERSONAL NAME
Author Name Preuss, Harry G. (ed)
245 #0 - TITLE STATEMENT
Title Management of Common Problems in Renal Disease
260 ## - PUBLICATION, DISTRIBUTION, ETC.
Place of publication, distribution, etc. New York
Name of publisher, distributor, etc. Macmillan Publishing Co.
Date of publication, distribution, etc. 1988
300 ## - PHYSICAL DESCRIPTION
No of Pages 206 p.
illustrations :ill;
490 ## - Volume Statement
Volume Vol,2
504 ## - BIBLIOGRAPHY, ETC. NOTE
Bibliography, Index, etc. note including index and bibliography
650 ## - SUBJECT ADDED ENTRY--TOPICAL TERM
Subject Nephrology
Keywords Renal diseases
-- Kidney
-- Uremia
-- IMDC
942 ## - ADDED ENTRY ELEMENTS (KOHA)
Koha item type Books
Source of classification or shelving scheme
Holdings
Item status Home library Current library Shelving location Date acquired Total Checkouts Full call number Barcode Date last seen Koha item type
  Islamabad Medical and Dental College Islamabad Medical and Dental College Islamabad Medical and Dental College 16/03/2018   616.614 MAN 2098 16/03/2018 Books

Copyright @ IMDC Library
Islamabad Medical and Dental College
Bhara Kahu, Islamabad

  Contact the Librarian, IMDC
  Email:: library@imdcollege.edu.pk

  OPAC Customized by
  Mazhar Hussain,
  Librarian:
  Islamabad Medical and Dental College
  Email:: library@imdcollege.edu.pk